[Event "Grand Swiss "]
[Date "2025.09.14"]
[White "Henriquez Villagra, Cristobal"]
[Black "Rodshtein, Maxim"]
[WhiteElo "2594"]
[BlackElo "2645"]
[Round "9.9.31"]
[Result "1/2-1/2"]

1. d4 {[%clk 01:40:58] [%emt 00:00:01]} Nf6 {[%clk 01:40:50] [%emt 00:00:11]} 2.
Bf4 {[%clk 01:41:22] [%emt 00:00:05]} e6 {[%clk 01:39:09] [%emt 00:02:10]} 3. e3
{[%clk 01:41:46] [%emt 00:00:06]} d5 {[%clk 01:36:43] [%emt 00:02:56]} 4. Nf3
{[%clk 01:41:44] [%emt 00:00:33]} Bd6 {[%clk 01:34:49] [%emt 00:02:23]} 5. Ne5
{[%clk 01:40:01] [%emt 00:02:14]} O-O {[%clk 01:33:52] [%emt 00:01:27]} 6. Nd2
{[%clk 01:36:37] [%emt 00:03:54]} c5 {[%clk 01:34:04] [%emt 00:00:19]} 7. c3
{[%clk 01:36:23] [%emt 00:00:44]} Qc7 {[%clk 01:32:51] [%emt 00:01:43]} 8. Bd3
{[%clk 01:36:04] [%emt 00:00:49]} b6 {[%clk 01:32:51] [%emt 00:00:30]} 9. h4
{[%clk 01:29:57] [%emt 00:06:36]} Ba6 {[%clk 01:31:49] [%emt 00:01:32]} 10. Bxa6
{[%clk 01:28:29] [%emt 00:01:58]} Nxa6 {[%clk 01:32:14] [%emt 00:00:05]} 11. h5
{[%clk 01:28:05] [%emt 00:00:54]} h6 {[%clk 01:20:12] [%emt 00:12:32]} 12. Qf3
{[%clk 01:21:38] [%emt 00:06:56]} cxd4 {[%clk 01:13:45] [%emt 00:06:59]} 13.
exd4 {[%clk 01:21:53] [%emt 00:00:15]} Nc5 {[%clk 01:11:11] [%emt 00:03:04]} 14.
Qe3 {[%clk 00:50:43] [%emt 00:31:40]} Ng4 {[%clk 01:07:30] [%emt 00:04:10]} 15.
Nxg4 {[%clk 00:50:25] [%emt 00:00:48]} Bxf4 {[%clk 01:07:54] [%emt 00:00:07]}
16. Qe2 {[%clk 00:50:49] [%emt 00:00:06]} f5 {[%clk 00:48:27] [%emt 00:19:56]}
17. Ne5 {[%clk 00:35:40] [%emt 00:15:39]} Bxe5 {[%clk 00:47:45] [%emt 00:01:12]}
18. dxc5 {[%clk 00:36:05] [%emt 00:00:05]} Rfe8 {[%clk 00:42:15] [%emt
00:06:00]} 19. cxb6 {[%clk 00:32:22] [%emt 00:04:13]} axb6 {[%clk 00:42:40]
[%emt 00:00:05]} 20. a3 {[%clk 00:29:51] [%emt 00:03:02]} Bf6 {[%clk 00:35:46]
[%emt 00:07:23]} 21. Qd3 {[%clk 00:29:51] [%emt 00:00:30]} b5 {[%clk 00:25:55]
[%emt 00:10:22]} 22. Rd1 {[%clk 00:27:10] [%emt 00:03:11]} Qc6 {[%clk 00:19:56]
[%emt 00:06:29]} 23. O-O {[%clk 00:26:07] [%emt 00:01:32]} Ra4 {[%clk 00:15:26]
[%emt 00:05:01]} 24. Nf3 {[%clk 00:24:12] [%emt 00:02:25]} Re4 {[%clk 00:14:42]
[%emt 00:01:14]} 25. Nd4 {[%clk 00:16:54] [%emt 00:07:47]} Qc4 {[%clk 00:11:35]
[%emt 00:03:37]} 26. b3 {[%clk 00:12:41] [%emt 00:04:44]} Qxd3 {[%clk 00:05:46]
[%emt 00:06:18]} 27. Rxd3 {[%clk 00:13:07] [%emt 00:00:05]} Rb8 {[%clk 00:05:31]
[%emt 00:00:46]} 28. Rfd1 {[%clk 00:07:32] [%emt 00:06:06]} Kf7 {[%clk 00:05:02]
[%emt 00:00:58]} 29. g3 {[%clk 00:07:16] [%emt 00:00:46]} Bxd4 {[%clk 00:02:07]
[%emt 00:03:25]} 30. cxd4 {[%clk 00:07:37] [%emt 00:00:09]} Rc8 {[%clk 00:01:12]
[%emt 00:01:25]} 31. Kf1 {[%clk 00:05:46] [%emt 00:02:21]} Rc2 {[%clk 00:01:30]
[%emt 00:00:11]} 32. R3d2 {[%clk 00:05:39] [%emt 00:00:38]} Rc3 {[%clk 00:01:24]
[%emt 00:00:36]} 33. Rd3 {[%clk 00:04:48] [%emt 00:01:21]} Rc2 {[%clk 00:01:42]
[%emt 00:00:12]} 34. R3d2 {[%clk 00:05:12] [%emt 00:00:06]} Rc3 {[%clk 00:00:39]
[%emt 00:01:32]} 1/2-1/2

[Site "Europe Echecs"]

[Event "Grand Swiss "]
[Date "2025.09.14"]
[White "Zemlyanskii, Ivan"]
[Black "Vokhidov, Shamsiddin"]
[WhiteElo "2586"]
[BlackElo "2645"]
[Round "9.9.32"]
[Result "0-1"]

1. d4 {[%clk 01:40:58] [%emt 00:00:01]} Nf6 {[%clk 01:40:44] [%emt 00:00:15]} 2.
c4 {[%clk 01:41:24] [%emt 00:00:05]} e6 {[%clk 01:41:10] [%emt 00:00:04]} 3. Nc3
{[%clk 01:41:51] [%emt 00:00:04]} Bb4 {[%clk 01:41:33] [%emt 00:00:07]} 4. e3
{[%clk 01:42:18] [%emt 00:00:02]} O-O {[%clk 01:41:41] [%emt 00:00:23]} 5. Bd3
{[%clk 01:42:45] [%emt 00:00:03]} d5 {[%clk 01:37:31] [%emt 00:04:40]} 6. cxd5
{[%clk 01:43:10] [%emt 00:00:05]} exd5 {[%clk 01:37:57] [%emt 00:00:04]} 7. Nge2
{[%clk 01:43:36] [%emt 00:00:04]} Re8 {[%clk 01:35:39] [%emt 00:02:48]} 8. Bd2
{[%clk 01:44:01] [%emt 00:00:05]} c6 {[%clk 01:34:16] [%emt 00:01:53]} 9. O-O
{[%clk 01:44:13] [%emt 00:00:18]} Bf8 {[%clk 01:33:36] [%emt 00:01:10]} 10. Rc1
{[%clk 01:42:32] [%emt 00:02:12]} h6 {[%clk 01:29:06] [%emt 00:04:59]} 11. Nf4
{[%clk 01:34:46] [%emt 00:08:16]} a5 {[%clk 01:26:57] [%emt 00:02:39]} 12. Kh1
{[%clk 01:30:14] [%emt 00:05:03]} b6 {[%clk 01:21:46] [%emt 00:05:40]} 13. Bc2
{[%clk 01:26:15] [%emt 00:04:29]} Na6 {[%clk 01:12:54] [%emt 00:09:22]} 14. Qf3
{[%clk 01:18:20] [%emt 00:08:25]} Nc7 {[%clk 01:04:58] [%emt 00:08:26]} 15. h3
{[%clk 01:11:45] [%emt 00:07:03]} Ne6 {[%clk 00:51:37] [%emt 00:13:52]} 16. Nxe6
{[%clk 01:04:57] [%emt 00:07:19]} Bxe6 {[%clk 00:51:47] [%emt 00:00:21]} 17.
Rfd1 {[%clk 01:03:46] [%emt 00:01:40]} Rc8 {[%clk 00:49:53] [%emt 00:02:24]} 18.
Ne2 {[%clk 00:55:13] [%emt 00:09:03]} Ne4 {[%clk 00:48:14] [%emt 00:02:09]} 19.
Ng3 {[%clk 00:52:13] [%emt 00:03:30]} Nxd2 {[%clk 00:45:17] [%emt 00:03:27]} 20.
Rxd2 {[%clk 00:52:41] [%emt 00:00:02]} g6 {[%clk 00:45:40] [%emt 00:00:07]} 21.
Ne2 {[%clk 00:50:41] [%emt 00:02:29]} Bd6 {[%clk 00:41:07] [%emt 00:05:03]} 22.
Kg1 {[%clk 00:38:48] [%emt 00:12:24]} Bd7 {[%clk 00:40:16] [%emt 00:01:21]} 23.
a3 {[%clk 00:33:23] [%emt 00:05:56]} h5 {[%clk 00:40:03] [%emt 00:00:42]} 24.
Nf4 {[%clk 00:31:11] [%emt 00:02:42]} Qf6 {[%clk 00:34:50] [%emt 00:05:43]} 25.
Ba4 {[%clk 00:28:04] [%emt 00:03:38]} Kg7 {[%clk 00:34:58] [%emt 00:00:21]} 26.
Qg3 {[%clk 00:25:02] [%emt 00:03:32]} Kf8 {[%clk 00:26:48] [%emt 00:08:40]} 27.
h4 {[%clk 00:20:33] [%emt 00:04:59]} Re4 {[%clk 00:25:04] [%emt 00:02:13]} 28.
Qg5 {[%clk 00:09:21] [%emt 00:11:42]} Qxg5 {[%clk 00:23:02] [%emt 00:02:33]} 29.
hxg5 {[%clk 00:09:49] [%emt 00:00:01]} Rxf4 {[%clk 00:21:24] [%emt 00:02:09]}
30. exf4 {[%clk 00:10:12] [%emt 00:00:07]} Bxf4 {[%clk 00:21:53] [%emt
00:00:02]} 31. Rdd1 {[%clk 00:10:03] [%emt 00:00:38]} Bxc1 {[%clk 00:22:17]
[%emt 00:00:05]} 32. Rxc1 {[%clk 00:10:32] [%emt 00:00:02]} Ke7 {[%clk 00:22:22]
[%emt 00:00:25]} 33. f4 {[%clk 00:08:10] [%emt 00:02:52]} c5 {[%clk 00:19:45]
[%emt 00:03:07]} 34. Bb3 {[%clk 00:07:14] [%emt 00:01:26]} Kd6 {[%clk 00:18:24]
[%emt 00:01:51]} 35. Kf2 {[%clk 00:05:01] [%emt 00:02:42]} cxd4 {[%clk 00:09:03]
[%emt 00:09:52]} 36. Rxc8 {[%clk 00:04:46] [%emt 00:00:45]} Bxc8 {[%clk
00:09:30] [%emt 00:00:03]} 37. g3 {[%clk 00:05:04] [%emt 00:00:12]} Kc5 {[%clk
00:09:55] [%emt 00:00:05]} 38. Ke2 {[%clk 00:03:54] [%emt 00:01:40]} b5 {[%clk
00:10:21] [%emt 00:00:04]} 39. Kd2 {[%clk 00:03:28] [%emt 00:00:56]} Bf5 {[%clk
00:09:25] [%emt 00:01:26]} 40. Ke2 {[%clk 00:00:33] [%emt 00:03:25]} a4 {[%clk
00:08:45] [%emt 00:01:10]} 41. Ba2 {[%clk 00:01:02]} Be4 {[%clk 00:08:22] [%emt
00:00:53]} 0-1

[Site "Europe Echecs"]

[Event "Grand Swiss "]
[Date "2025.09.14"]
[White "Salem, A.R. Saleh"]
[Black "Predke, Alexandr"]
[WhiteElo "2640"]
[BlackElo "2609"]
[Round "9.9.33"]
[Result "0-1"]

1. d4 {[%clk 01:40:57] [%emt 00:00:02]} d5 {[%clk 01:40:12] [%emt 00:00:48]} 2.
c4 {[%clk 01:41:21] [%emt 00:00:07]} e6 {[%clk 01:40:38] [%emt 00:00:04]} 3. Nc3
{[%clk 01:41:43] [%emt 00:00:08]} Nf6 {[%clk 01:41:03] [%emt 00:00:04]} 4. cxd5
{[%clk 01:42:05] [%emt 00:00:09]} exd5 {[%clk 01:41:29] [%emt 00:00:04]} 5. Bg5
{[%clk 01:42:28] [%emt 00:00:08]} Be7 {[%clk 01:41:52] [%emt 00:00:06]} 6. e3
{[%clk 01:42:52] [%emt 00:00:06]} O-O {[%clk 01:42:16] [%emt 00:00:06]} 7. Bd3
{[%clk 01:43:16] [%emt 00:00:06]} Re8 {[%clk 01:42:41] [%emt 00:00:06]} 8. Nge2
{[%clk 01:43:06] [%emt 00:00:40]} c6 {[%clk 01:43:00] [%emt 00:00:11]} 9. O-O
{[%clk 01:43:10] [%emt 00:00:25]} Nbd7 {[%clk 01:43:24] [%emt 00:00:06]} 10. Qc2
{[%clk 01:43:18] [%emt 00:00:22]} Nf8 {[%clk 01:43:44] [%emt 00:00:10]} 11. f3
{[%clk 01:42:57] [%emt 00:00:51]} Ng6 {[%clk 01:43:50] [%emt 00:00:23]} 12. Rad1
{[%clk 01:37:09] [%emt 00:06:18]} h6 {[%clk 01:43:19] [%emt 00:01:02]} 13. Bxf6
{[%clk 01:36:23] [%emt 00:01:16]} Bxf6 {[%clk 01:43:43] [%emt 00:00:06]} 14.
Bxg6 {[%clk 01:36:17] [%emt 00:00:35]} fxg6 {[%clk 01:44:06] [%emt 00:00:07]}
15. e4 {[%clk 01:36:43] [%emt 00:00:05]} dxe4 {[%clk 01:43:54] [%emt 00:00:42]}
16. fxe4 {[%clk 01:36:49] [%emt 00:00:24]} Bg5 {[%clk 01:43:15] [%emt 00:01:08]}
17. Qd3 {[%clk 01:31:50] [%emt 00:05:29]} Rf8 {[%clk 01:17:06] [%emt 00:26:39]}
18. Rxf8+ {[%clk 01:21:38] [%emt 00:10:42]} Qxf8 {[%clk 01:15:04] [%emt
00:02:33]} 19. Qg3 {[%clk 01:22:02] [%emt 00:00:05]} Kh7 {[%clk 01:11:45] [%emt
00:03:49]} 20. h4 {[%clk 00:58:30] [%emt 00:24:02]} Bd8 {[%clk 01:09:45] [%emt
00:02:31]} 21. Rf1 {[%clk 00:57:07] [%emt 00:01:53]} Qe8 {[%clk 01:08:47] [%emt
00:01:27]} 22. e5 {[%clk 00:55:55] [%emt 00:01:42]} Bf5 {[%clk 01:07:53] [%emt
00:01:24]} 23. Qf4 {[%clk 00:45:25] [%emt 00:11:01]} Qe7 {[%clk 00:50:45] [%emt
00:17:37]} 24. h5 {[%clk 00:35:25] [%emt 00:10:31]} Qg5 {[%clk 00:48:15] [%emt
00:03:00]} 25. hxg6+ {[%clk 00:26:41] [%emt 00:09:15]} Bxg6 {[%clk 00:48:11]
[%emt 00:00:34]} 26. Qf8 {[%clk 00:21:09] [%emt 00:06:01]} c5 {[%clk 00:29:57]
[%emt 00:18:45]} 27. d5 {[%clk 00:15:32] [%emt 00:06:07]} Qxe5 {[%clk 00:29:20]
[%emt 00:01:07]} 28. Nf4 {[%clk 00:15:52] [%emt 00:00:10]} Bf5 {[%clk 00:24:44]
[%emt 00:05:06]} 29. Nce2 {[%clk 00:08:00] [%emt 00:08:22]} c4 {[%clk 00:17:27]
[%emt 00:07:46]} 30. Kh1 {[%clk 00:08:17] [%emt 00:00:14]} Bd3 {[%clk 00:16:45]
[%emt 00:01:12]} 31. Qf7 {[%clk 00:07:16] [%emt 00:01:31]} Bc7 {[%clk 00:16:29]
[%emt 00:00:46]} 32. Rf3 {[%clk 00:04:43] [%emt 00:03:02]} Bxe2 {[%clk 00:14:45]
[%emt 00:02:14]} 33. Rg3 {[%clk 00:05:11] [%emt 00:00:02]} Bd3 {[%clk 00:12:20]
[%emt 00:02:55]} 0-1

[Site "Europe Echecs"]

[Event "Grand Swiss "]
[Date "2025.09.14"]
[White "Xiong, Jeffery"]
[Black "Bartel, Mateusz"]
[WhiteElo "2640"]
[BlackElo "2581"]
[Round "9.9.34"]
[Result "1-0"]

1. e4 {[%clk 01:40:53] [%emt 00:00:05]} e5 {[%clk 01:40:56] [%emt 00:00:05]} 2.
Nf3 {[%clk 01:41:10] [%emt 00:00:12]} Nc6 {[%clk 01:41:23] [%emt 00:00:03]} 3.
Bc4 {[%clk 01:41:03] [%emt 00:00:37]} Bc5 {[%clk 01:41:46] [%emt 00:00:07]} 4.
c3 {[%clk 01:40:54] [%emt 00:00:39]} Nf6 {[%clk 01:42:10] [%emt 00:00:07]} 5. d3
{[%clk 01:40:50] [%emt 00:00:33]} d6 {[%clk 01:42:32] [%emt 00:00:08]} 6. O-O
{[%clk 01:40:39] [%emt 00:00:41]} h6 {[%clk 01:42:56] [%emt 00:00:07]} 7. Re1
{[%clk 01:40:22] [%emt 00:00:47]} O-O {[%clk 01:42:03] [%emt 00:01:23]} 8. h3
{[%clk 01:38:45] [%emt 00:02:06]} a5 {[%clk 01:41:35] [%emt 00:00:59]} 9. d4
{[%clk 01:37:56] [%emt 00:01:18]} Bb6 {[%clk 01:35:29] [%emt 00:06:37]} 10. Bb3
{[%clk 01:38:12] [%emt 00:00:14]} Bd7 {[%clk 01:30:25] [%emt 00:05:35]} 11. Be3
{[%clk 01:19:15] [%emt 00:19:27]} a4 {[%clk 01:14:33] [%emt 00:16:22]} 12. Bc2
{[%clk 01:18:04] [%emt 00:01:40]} exd4 {[%clk 01:11:43] [%emt 00:03:20]} 13.
Bxd4 {[%clk 01:15:34] [%emt 00:03:00]} Bxd4 {[%clk 00:47:37] [%emt 00:24:36]}
14. cxd4 {[%clk 01:15:52] [%emt 00:00:11]} Nb4 {[%clk 00:48:05] [%emt 00:00:03]}
15. a3 {[%emt 00:05:26]} Nxc2 {[%clk 00:48:27]} 16. Qxc2 {[%emt 00:00:43]} d5
{[%emt 00:03:55]} 17. e5 {[%clk 01:11:16] [%emt 00:00:18]} Nh5 {[%emt 00:02:11]}
18. Nc3 {[%clk 01:05:43] [%emt 00:00:12]} Nf4 19. Qd2 {[%clk 00:59:35] [%emt
00:06:57]} Ng6 20. Rac1 {[%emt 00:12:18]} c6 {[%emt 00:00:20]} 21. Qc2 {[%clk
00:49:58] [%emt 00:10:00]} Qc8 {[%clk 00:37:03] [%emt 00:01:34]} 22. Qd1 {[%clk
00:47:36] [%emt 00:02:53]} Nf4 {[%clk 00:35:55] [%emt 00:01:38]} 23. Qd2 {[%clk
00:44:47] [%emt 00:03:19]} g5 {[%clk 00:34:42] [%emt 00:01:43]} 24. Ne2 {[%clk
00:42:17] [%emt 00:03:00]} Ng6 {[%clk 00:30:34] [%emt 00:04:38]} 25. Ng3 {[%clk
00:40:51] [%emt 00:01:56]} Nf4 {[%clk 00:29:14] [%emt 00:01:50]} 26. h4 {[%clk
00:37:18] [%emt 00:04:02]} Bh3 {[%clk 00:27:22] [%emt 00:02:23]} 27. hxg5 {[%clk
00:37:09] [%emt 00:00:39]} Qg4 {[%clk 00:26:57] [%emt 00:00:54]} 28. Nh2 {[%clk
00:29:16] [%emt 00:08:22]} Qxg5 {[%clk 00:27:04] [%emt 00:00:23]} 29. Nf3 {[%clk
00:29:43] [%emt 00:00:03]} Qg4 {[%clk 00:27:17] [%emt 00:00:18]} 30. Rc3 {[%clk
00:21:08] [%emt 00:09:04]} Bxg2 {[%clk 00:23:50] [%emt 00:03:57]} 31. Nh2 {[%clk
00:21:34] [%emt 00:00:04]} Qg5 {[%clk 00:24:14] [%emt 00:00:06]} 32. Ne4 {[%clk
00:21:05] [%emt 00:00:59]} Bxe4+ {[%clk 00:13:03] [%emt 00:11:41]} 33. Rg3
{[%clk 00:21:32] [%emt 00:00:03]} Kh8 {[%clk 00:13:26] [%emt 00:00:07]} 34. Rxg5
{[%clk 00:21:51] [%emt 00:00:12]} hxg5 {[%clk 00:13:54] [%emt 00:00:02]} 35. Re3
{[%clk 00:19:13] [%emt 00:03:07]} Rg8 {[%clk 00:13:03] [%emt 00:01:21]} 36. Qb4
{[%clk 00:14:42] [%emt 00:05:01]} Rg6 {[%clk 00:08:50] [%emt 00:04:44]} 37. Qxb7
{[%clk 00:14:41] [%emt 00:00:31]} Rf8 {[%clk 00:09:18] [%emt 00:00:02]} 38. Nf1
{[%clk 00:11:56] [%emt 00:03:14]} Kg7 {[%clk 00:05:34] [%emt 00:04:14]} 39. Ng3
{[%clk 00:12:19] [%emt 00:00:07]} Bb1 {[%clk 00:03:01] [%emt 00:03:03]} 40. Rc3
{[%clk 00:10:10] [%emt 00:02:39]} Rh6 {[%clk 00:03:30] [%emt 00:00:02]} 41. Rxc6
{[%clk 00:09:27] [%emt 00:01:13]} Rb8 {[%clk 00:03:37] [%emt 00:00:23]} 42. Qxb8
{[%clk 00:08:22] [%emt 00:01:35]} Rxc6 {[%clk 00:04:05] [%emt 00:00:02]} 43. Qd8
{[%clk 00:49:50] [%emt 00:09:01]} Bg6 {[%clk 00:53:21] [%emt 00:01:14]} 44. Kh2
{[%clk 00:43:26] [%emt 00:06:54]} Rc2 {[%clk 00:50:33] [%emt 00:03:19]} 45. Nf5+
{[%clk 00:42:11] [%emt 00:01:43]} Kh7 {[%clk 00:49:43] [%emt 00:01:22]} 46. Qxg5
{[%clk 00:42:01] [%emt 00:00:39]} 1-0

[Site "Europe Echecs"]

[Event "Grand Swiss "]
[Date "2025.09.14"]
[White "Volokitin, Andrei"]
[Black "Aditya Mittal"]
[WhiteElo "2628"]
[BlackElo "2589"]
[Round "9.9.35"]
[Result "0-1"]

1. e4 {[%clk 01:40:57] [%emt 00:00:02]} c5 {[%clk 01:40:59] [%emt 00:00:01]} 2.
Nf3 {[%clk 01:41:21] [%emt 00:00:06]} Nc6 {[%clk 01:41:28] [%emt 00:00:02]} 3.
Bb5 {[%clk 01:40:40] [%emt 00:01:11]} e6 {[%clk 01:41:56] [%emt 00:00:02]} 4.
O-O {[%clk 01:40:33] [%emt 00:00:36]} Nge7 {[%clk 01:42:24] [%emt 00:00:02]} 5.
d4 {[%clk 01:40:33] [%emt 00:00:30]} cxd4 {[%clk 01:42:52] [%emt 00:00:02]} 6.
Nxd4 {[%clk 01:40:58] [%emt 00:00:05]} Qb6 {[%clk 01:43:19] [%emt 00:00:04]} 7.
Nxc6 {[%clk 01:41:07] [%emt 00:00:21]} bxc6 {[%clk 01:43:47] [%emt 00:00:02]} 8.
Be2 {[%clk 01:41:11] [%emt 00:00:25]} Ng6 {[%clk 01:44:15] [%emt 00:00:02]} 9.
c4 {[%clk 01:41:26] [%emt 00:00:16]} Be7 {[%clk 01:44:43] [%emt 00:00:02]} 10.
Nc3 {[%clk 01:41:41] [%emt 00:00:15]} O-O {[%clk 01:45:11] [%emt 00:00:02]} 11.
Rb1 {[%clk 01:25:22] [%emt 00:16:49]} Qc7 {[%clk 01:45:40] [%emt 00:00:01]} 12.
Be3 {[%clk 01:23:59] [%emt 00:01:53]} Rd8 {[%clk 01:45:59] [%emt 00:00:10]} 13.
Qd2 {[%clk 01:11:01] [%emt 00:13:28]} a5 {[%clk 01:46:28] [%emt 00:00:02]} 14.
Rfc1 {[%clk 01:05:08] [%emt 00:06:22]} c5 {[%clk 01:35:58] [%emt 00:11:01]} 15.
Rd1 {[%clk 00:56:11] [%emt 00:09:26]} Bb7 {[%clk 01:28:25] [%emt 00:08:03]} 16.
a4 {[%clk 00:48:15] [%emt 00:08:26]} f5 {[%clk 01:19:39] [%emt 00:09:17]} 17.
exf5 {[%clk 00:40:38] [%emt 00:08:07]} Nh4 {[%clk 01:20:07]} 18. Bg5 {[%clk
00:31:44] [%emt 00:09:24]} Bxg5 {[%clk 01:05:09] [%emt 00:15:28]} 19. Qxg5
{[%clk 00:32:12] [%emt 00:00:02]} Nxf5 {[%clk 01:05:31] [%emt 00:00:08]} 20. Nb5
{[%clk 00:28:00] [%emt 00:04:42]} Qe5 {[%clk 00:57:57] [%emt 00:08:04]} 21. Bd3
{[%clk 00:24:36] [%emt 00:03:54]} h6 {[%clk 00:57:45] [%emt 00:00:42]} 22. Qg4
{[%clk 00:17:08] [%emt 00:07:58]} Rf8 {[%clk 00:52:25] [%emt 00:05:50]} 23. Re1
{[%clk 00:16:46] [%emt 00:00:51]} Qf6 {[%clk 00:52:13] [%emt 00:00:43]} 24. Bxf5
{[%clk 00:13:56] [%emt 00:03:20]} exf5 {[%clk 00:51:52] [%emt 00:00:51]} 25. Qf4
{[%clk 00:08:40] [%emt 00:05:46]} Be4 {[%clk 00:50:51] [%emt 00:01:32]} 26. Rbd1
{[%clk 00:09:08] [%emt 00:00:02]} Qxb2 {[%clk 00:50:27] [%emt 00:00:53]} 27. f3
{[%clk 00:01:47] [%emt 00:07:52]} Bc6 {[%clk 00:47:56] [%emt 00:03:00]} 28. Qe5
{[%clk 00:02:15] [%emt 00:00:03]} Qc2 {[%clk 00:36:57] [%emt 00:11:29]} 29. Nd6
{[%clk 00:00:40] [%emt 00:02:05]} f4 {[%clk 00:34:30] [%emt 00:02:57]} 30. Qxc5
{[%clk 00:00:40] [%emt 00:00:30]} Rf6 {[%clk 00:32:27] [%emt 00:02:33]} 31. Qf2
{[%clk 00:00:32] [%emt 00:00:38]} Qxf2+ {[%clk 00:26:06] [%emt 00:06:51]} 32.
Kxf2 {[%clk 00:01:01] [%emt 00:00:01]} Bxa4 {[%clk 00:26:29] [%emt 00:00:06]}
33. Ra1 {[%clk 00:00:46] [%emt 00:00:45]} Rxd6 {[%clk 00:17:25] [%emt 00:09:35]}
34. Rxa4 {[%clk 00:01:14] [%emt 00:00:02]} Rd2+ {[%clk 00:17:32] [%emt
00:00:23]} 35. Re2 {[%clk 00:01:25] [%emt 00:00:19]} Rxe2+ {[%clk 00:14:58]
[%emt 00:03:04]} 36. Kxe2 {[%clk 00:01:54]} Kf7 {[%clk 00:15:21] [%emt
00:00:07]} 37. Kd3 {[%clk 00:00:43] [%emt 00:01:41]} Ke6 {[%clk 00:15:47] [%emt
00:00:04]} 38. Ke4 {[%clk 00:00:40] [%emt 00:00:32]} g5 {[%clk 00:15:37] [%emt
00:00:40]} 39. h4 {[%clk 00:00:58] [%emt 00:00:11]} d6 {[%clk 00:05:02] [%emt
00:11:05]} 40. hxg5 {[%clk 00:01:03] [%emt 00:00:25]} hxg5 {[%clk 00:05:31]
[%emt 00:00:01]} 41. Kd4 {[%clk 00:40:33] [%emt 00:11:00]} Kf5 {[%clk 00:50:43]
[%emt 00:05:18]} 42. Kd5 {[%clk 00:37:34] [%emt 00:03:29]} Ra6 {[%clk 00:49:22]
[%emt 00:01:51]} 43. Kd4 {[%clk 00:37:58] [%emt 00:00:05]} Kg6 {[%clk 00:44:09]
[%emt 00:05:44]} 44. Kd3 {[%clk 00:31:29] [%emt 00:06:58]} Kh5 {[%clk 00:41:31]
[%emt 00:03:09]} 45. Ke2 {[%clk 00:29:49] [%emt 00:02:10]} Kg6 {[%clk 00:18:50]
[%emt 00:23:11]} 46. Kd3 {[%clk 00:27:25] [%emt 00:02:54]} Ra8 {[%clk 00:19:19]
[%emt 00:00:01]} 47. Kd2 {[%clk 00:18:08] [%emt 00:09:46]} Kh5 {[%clk 00:14:22]
[%emt 00:05:28]} 48. Ke2 {[%clk 00:17:42] [%emt 00:00:56]} Rc8 {[%clk 00:10:07]
[%emt 00:04:45]} 49. Kf2 {[%clk 00:02:40] [%emt 00:15:32]} Rc5 {[%clk 00:10:19]
[%emt 00:00:18]} 50. g3 {[%clk 00:03:01] [%emt 00:00:09]} Kg6 {[%clk 00:07:00]
[%emt 00:03:49]} 51. gxf4 {[%clk 00:03:08] [%emt 00:00:23]} gxf4 {[%clk
00:07:29] [%emt 00:00:02]} 52. Ke2 {[%clk 00:01:15] [%emt 00:02:22]} Re5+ {[%clk
00:05:54] [%emt 00:02:06]} 53. Kd2 {[%clk 00:01:35] [%emt 00:00:09]} Kf5 {[%clk
00:04:49] [%emt 00:01:35]} 54. Ra1 {[%clk 00:00:59] [%emt 00:01:06]} Ke6 {[%clk
00:04:05] [%emt 00:01:14]} 55. Kd3 {[%clk 00:00:38] [%emt 00:00:51]} Kd7 {[%clk
00:03:05] [%emt 00:01:31]} 56. Kd4 {[%clk 00:00:50] [%emt 00:00:17]} Kc6 {[%clk
00:03:25] [%emt 00:00:10]} 57. Ra2 {[%clk 00:00:44] [%emt 00:00:36]} Kb6 {[%clk
00:03:21] [%emt 00:00:35]} 58. Rb2+ {[%clk 00:00:58] [%emt 00:00:15]} Ka7 {[%clk
00:02:50] [%emt 00:01:01]} 59. Rb3 {[%clk 00:00:45] [%emt 00:00:43]} a4 {[%clk
00:01:54] [%emt 00:01:27]} 60. Ra3 {[%clk 00:00:42] [%emt 00:00:33]} Ra5 {[%clk
00:02:23]} 61. Ke4 {[%clk 00:01:04] [%emt 00:15:07]} Kb6 {[%clk 00:17:11] [%emt
00:00:42]} 62. Kxf4 {[%clk 00:01:29] [%emt 00:00:05]} Kc5 {[%clk 00:17:24] [%emt
00:00:17]} 63. Ke3 {[%clk 00:01:47] [%emt 00:00:13]} Kb4 {[%clk 00:12:25] [%emt
00:05:29]} 64. Ra1 {[%clk 00:01:55] [%emt 00:00:21]} Kb3 {[%clk 00:04:26] [%emt
00:08:29]} 65. Rb1+ {[%clk 00:00:33] [%emt 00:01:54]} Kc2 {[%clk 00:04:12] [%emt
00:00:44]} 66. Rb5 {[%clk 00:00:41] [%emt 00:00:21]} Ra8 {[%clk 00:02:30] [%emt
00:02:12]} 67. Rd5 {[%clk 00:00:32] [%emt 00:00:40]} a3 {[%clk 00:02:22] [%emt
00:00:38]} 68. Rxd6 {[%clk 00:00:44] [%emt 00:00:18]} a2 {[%clk 00:02:36] [%emt
00:00:15]} 69. Rd2+ {[%clk 00:00:54] [%emt 00:00:20]} Kc3 {[%clk 00:02:57] [%emt
00:00:09]} 70. Rd1 {[%clk 00:00:57] [%emt 00:00:27]} a1=Q {[%clk 00:03:18] [%emt
00:00:09]} 71. Rxa1 {[%clk 00:01:22] [%emt 00:00:06]} Rxa1 {[%clk 00:03:47]
[%emt 00:00:01]} 72. c5 {[%clk 00:01:46] [%emt 00:00:06]} Kc4 {[%clk 00:04:09]
[%emt 00:00:08]} 73. c6 {[%clk 00:02:12] [%emt 00:00:03]} Kd5 {[%clk 00:04:34]
[%emt 00:00:05]} 0-1

[Site "Europe Echecs"]